[Event "10. Lichtenberger Sommer"]
[Site "Berlin"]
[Date "2011.08.16"]
[Round "4.85"]
[White "Moeller, Dirk"]
[Black "Koerner, Helmut"]
[Result "0-1"]
[WhiteElo "1683"]
[BlackElo "1933"]
[PlyCount "91"]
[EventDate "2011.??.??"]
[WhiteTeam "SC Kreuzberg e.V."]
[BlackTeam "Sfr.Nord-Ost Berlin"]

1. e4 d5 2. exd5 Nf6 3. c4 c6 4. d4 cxd5 5. Nf3 g6 6. Nc3 Bg7 7. Bf4 O-O 8. Qc2
Nc6 9. O-O-O Bf5 10. Qd2 Nb4 11. Ne5 a5 12. a3 Ne4 13. Nxe4 dxe4 14. axb4 axb4
15. Qe3 Ra1+ 16. Kd2 Rxd1+ 17. Kxd1 f6 18. g4 fxe5 19. gxf5 exf4 20. Qxe4 Rxf5
21. Bh3 Ra5 22. Be6+ Kh8 23. Kc2 Qxd4 24. Qxd4 Bxd4 25. f3 Kg7 26. Rd1 Bf6 27.
Kb3 Re5 28. Bd5 Re2 29. h3 Rxb2+ 30. Ka4 b6 31. Kb5 b3 32. Kxb6 Rc2 33. c5 b2
34. Rb1 Be5 35. c6 Kf6 36. Be4 Rc1 37. Kb5 Kg5 38. Kb4 Kh4 39. Kb3 Kxh3 40. Bc2
Kg3 41. Rxb2 Kxf3 42. Ra2 Re1 43. Ra7 Re3+ 44. Kb4 Rc3 45. Ba4 Rc1 46. Rxe7 0-1

[Event "10. Lichtenberger Sommer"]
[Site "Berlin"]
[Date "2011.08.16"]
[Round "4.86"]
[White "Ruether, Marc"]
[Black "Priese, Annika"]
[Result "1/2-1/2"]
[WhiteElo "1808"]
[BlackElo "1462"]
[PlyCount "69"]
[EventDate "2011.??.??"]
[WhiteTeam "Queer-Springer SSV Berlin"]
[BlackTeam "SG 1871 Löberitz"]

1. e4 c5 2. c3 Nf6 3. e5 Nd5 4. d4 cxd4 5. Nf3 e6 6. cxd4 d6 7. a3 Bd7 8. Bd3
Bc6 9. b4 a6 10. Qe2 Nd7 11. O-O Qc7 12. Bd2 Be7 13. Rc1 O-O 14. Nc3 Nxc3 15.
Rxc3 Rac8 16. Ng5 h6 17. Qh5 dxe5 18. Nxf7 Rxf7 19. Bh7+ Kf8 20. Bg6 Nf6 21.
Qh3 Nd5 22. Bxf7 Kxf7 23. Rg3 exd4 24. Bxh6 gxh6 25. Qh5+ Kf8 26. Qxh6+ Ke8 27.
Qxe6 Nf6 28. Rh3 Kd8 29. Rh8+ Ne8 30. Rd1 Bd7 31. Qf7 Qc1 32. Rxe8+ Bxe8 33.
Qd5+ Bd7 34. Qg8+ Be8 35. Qd5+ 1/2-1/2

[Event "10. Lichtenberger Sommer"]
[Site "Berlin"]
[Date "2011.08.16"]
[Round "4.87"]
[White "Ziems, Michael"]
[Black "Mahler, Sonja"]
[Result "1-0"]
[WhiteElo "1795"]
[BlackElo "1656"]
[PlyCount "77"]
[EventDate "2011.??.??"]
[WhiteTeam "SV Empor Berlin e.V."]
[BlackTeam "SC Kreuzberg e.V."]

1. d4 d5 2. c4 e6 3. Nc3 h6 4. Nf3 Nf6 5. e3 c6 6. Be2 Be7 7. O-O Qc7 8. b3
Nbd7 9. Bb2 a6 10. Qc2 Qb8 11. Rac1 Nh7 12. e4 Ndf6 13. e5 Nh5 14. g3 g6 15.
Bd3 Rg8 16. Ne2 Nf8 17. Ne1 Bd7 18. Ng2 Ng7 19. Ne3 h5 20. Nf4 Nf5 21. Rfe1 Bg5
22. Nxf5 exf5 23. e6 fxe6 24. Re5 Bxf4 25. gxf4 g5 26. Bxf5 gxf4+ 27. Kf1 Qd8
28. Qe2 Qg5 29. Qf3 Kd8 30. Bxe6 Qg6 31. Bxg8 Qxg8 32. Qxh5 Kc7 33. cxd5 Kb6
34. Qg5 Qh7 35. Qe7 Qd3+ 36. Ke1 a5 37. Qc5+ Ka6 38. Qc4+ Qxc4 39. bxc4 1-0

[Event "10. Lichtenberger Sommer"]
[Site "Berlin"]
[Date "2011.08.16"]
[Round "4.88"]
[White "Werninghaus, Klaus Peter"]
[Black "Lehmann, Patricia"]
[Result "0-1"]
[WhiteElo "1647"]
[BlackElo "1601"]
[PlyCount "46"]
[EventDate "2011.??.??"]
[WhiteTeam "Dortmunder Schachverein 1875"]
[BlackTeam "SG 1871 Löberitz"]

1. c4 e5 2. Nc3 Nc6 3. Nf3 g6 4. d4 exd4 5. Nxd4 Bg7 6. Nxc6 bxc6 7. e4 Qe7 8.
Qc2 Nf6 9. g3 O-O 10. Bg2 d5 11. cxd5 cxd5 12. O-O dxe4 13. Bf4 Qc5 14. Bxe4
Nxe4 15. Qxe4 Be6 16. Be3 Qh5 17. f4 Rfe8 18. Qf3 Qxf3 19. Rxf3 Bxc3 20. Rf2
Ba5 21. Bd4 Bb6 22. Bxb6 axb6 23. b3 Bxb3 0-1

[Event "10. Lichtenberger Sommer"]
[Site "Berlin"]
[Date "2011.08.16"]
[Round "4.89"]
[White "George, Tom"]
[Black "Paris, Gerhard"]
[Result "1-0"]
[WhiteElo "1839"]
[BlackElo "1628"]
[PlyCount "85"]
[EventDate "2011.??.??"]
[WhiteTeam "SG Blau-Weiß Stadtilm"]
[BlackTeam "TSG Oberschöneweide e.V."]

1. Nc3 Nf6 2. e4 e5 3. Bc4 Be7 4. f4 Nc6 5. Nf3 O-O 6. fxe5 Ng4 7. d4 d6 8.
exd6 Bxd6 9. Bg5 Be7 10. Bxe7 Qxe7 11. Qe2 a6 12. Nd5 Qd8 13. O-O Na5 14. h3
Nxc4 15. Qxc4 c6 16. hxg4 cxd5 17. Qxd5 Qxd5 18. exd5 Bxg4 19. Ne5 Be2 20. Rf2
Bb5 21. c4 Be8 22. Raf1 f6 23. g4 h6 24. Nd3 b5 25. c5 Bf7 26. Nf4 Rad8 27. d6
Rfe8 28. d5 Kf8 29. Rc1 Re4 30. c6 Ke8 31. d7+ Rxd7 32. c7 Rxc7 33. Rxc7 Re1+
34. Kh2 g5 35. Re2+ Rxe2+ 36. Nxe2 Bxd5 37. Nc3 Bc4 38. a3 Be6 39. Kg3 f5 40.
Rh7 f4+ 41. Kf3 Bb3 42. Rxh6 a5 43. Rb6 1-0

[Event "10. Lichtenberger Sommer"]
[Site "Berlin"]
[Date "2011.08.16"]
[Round "4.90"]
[White "Schilly, Hans-Joachim"]
[Black "Hitzelberger, Michael"]
[Result "1/2-1/2"]
[WhiteElo "1835"]
[BlackElo "1284"]
[PlyCount "158"]
[EventDate "2011.??.??"]
[WhiteTeam "SF Siemensstadt"]
[BlackTeam "Sfrd. Berlin 1903 e.V."]

1. c4 e5 2. Nc3 Nc6 3. g3 Nf6 4. Bg2 Bc5 5. d3 h6 6. Nf3 d6 7. O-O O-O 8. Na4
Re8 9. Nxc5 dxc5 10. Nd2 Qd6 11. b3 Rb8 12. Bb2 b6 13. Ne4 Nxe4 14. Bxe4 Bb7
15. Qd2 Nd4 16. f3 Bxe4 17. fxe4 Rbd8 18. Rf2 Re7 19. Raf1 f6 20. Bc3 a5 21.
Qb2 Red7 22. a3 Qe6 23. Kg2 Rd6 24. b4 cxb4 25. axb4 axb4 26. Bxd4 Rxd4 27.
Qxb4 c5 28. Qa4 Qd7 29. Qb3 Qc6 30. Ra1 R4d7 31. Rff1 Rb8 32. Ra6 Rdb7 33. Kf2
Kf7 34. Rb1 Ke7 35. Qd1 Qe8 36. h3 Qd7 37. g4 b5 38. cxb5 Rxb5 39. Rba1 Qd4+
40. Kf3 Qb4 41. R6a4 Qb3 42. Ra7+ Kf8 43. Qxb3 Rxb3 44. Rc1 Rc8 45. Ra5 c4 46.
Kf2 c3 47. Ra2 Ke7 48. Rac2 Kd6 49. e3 g5 50. Ke2 Rb2 51. d4 Ra8 52. Kd3 Rxc2
53. Rxc2 Ra1 54. Rxc3 Rh1 55. d5 Rxh3 56. Rc2 h5 57. gxh5 Rxh5 58. Rf2 Rh6 59.
Kc4 Rg6 60. Ra2 Rg8 61. Ra6+ Kd7 62. Rxf6 g4 63. Rf2 g3 64. Rg2 Kd6 65. Kc3 Rg4
66. Kd3 Kc5 67. Ke2 Rxe4 68. Kf3 Rc4 69. Rd2 e4+ 70. Kxg3 Kd6 71. Kf4 Rb4 72.
Kf5 Rc4 73. Kf4 Rb4 74. Rd4 Rxd4 75. exd4 e3 76. Kxe3 Kxd5 77. Kd3 Kd6 78. Kc4
Kc6 79. d5+ Kd6 1/2-1/2

[Event "10. Lichtenberger Sommer"]
[Site "Berlin"]
[Date "2011.08.16"]
[Round "4.91"]
[White "Wierzbicki, Jirawat"]
[Black "Schmalzried, Volker"]
[Result "0-1"]
[WhiteElo "1451"]
[BlackElo "1870"]
[PlyCount "64"]
[EventDate "2011.??.??"]
[WhiteTeam "TuS Makkabi Berlin e.V."]
[BlackTeam "Umweltbundesamt (FV Schach)"]

1. e4 c5 2. Nf3 g6 3. d4 cxd4 4. Nxd4 Bg7 5. Nc3 Nc6 6. Be3 Nf6 7. Bc4 Qa5 8.
O-O O-O 9. Nb3 Qc7 10. Be2 d6 11. f3 Bd7 12. Qd2 Ne5 13. Bh6 Nc4 14. Bxc4 Qxc4
15. Bxg7 Kxg7 16. Kh1 b5 17. a3 a5 18. g4 b4 19. axb4 axb4 20. Ne2 Rxa1 21.
Rxa1 Rc8 22. Rc1 Ba4 23. Qe3 Nd7 24. h4 Qb5 25. Ng3 Qe5 26. Ne2 Qxb2 27. Qd3
Ne5 28. Qa6 Rxc2 29. Rxc2 Qxc2 30. Qxa4 Qxe2 31. Qxb4 Nxf3 32. Qc3+ e5 0-1

[Event "10. Lichtenberger Sommer"]
[Site "Berlin"]
[Date "2011.08.16"]
[Round "4.92"]
[White "Kohlmeyer, Dagobert"]
[Black "Egert, Marcel"]
[Result "1-0"]
[WhiteElo "1879"]
[BlackElo "900"]
[PlyCount "85"]
[EventDate "2011.??.??"]
[WhiteTeam "SC Rochade e.V."]
[BlackTeam "vereinslos"]

1. e4 g6 2. d4 Bg7 3. Nf3 c6 4. Be3 Nf6 5. Nc3 Qa5 6. Qd2 O-O 7. Bd3 d6 8. h3
Nbd7 9. O-O a6 10. Bh6 Qh5 11. Bxg7 Kxg7 12. Ne2 e5 13. dxe5 dxe5 14. Ng3 Qh6
15. Qe2 Re8 16. a4 Kg8 17. b4 Nb8 18. c4 Qf8 19. c5 Bd7 20. Bc4 b5 21. cxb6
Qxb4 22. Ng5 Be6 23. Nxe6 fxe6 24. Rfb1 Qe7 25. b7 Ra7 26. Qa2 Kf7 27. Qb3 Qc7
28. a5 Nfd7 29. Ra3 Nc5 30. Qf3+ Ke7 31. Qe3 Nxb7 32. Qxa7 Qd6 33. Rxb7+ Nd7
34. Rd3 Qxd3 35. Bxd3 Rd8 36. Qc5+ Ke8 37. Qxc6 h5 38. Bc4 Kf8 39. Qxe6 Kg7 40.
Qe7+ Kh6 41. Qxd8 Nc5 42. h4 g5 43. Qf6# 1-0

[Event "10. Lichtenberger Sommer"]
[Site "Berlin"]
[Date "2011.08.16"]
[Round "4.93"]
[White "Laurin, Dirk"]
[Black "Schrodt, Horst"]
[Result "0-1"]
[WhiteElo "1671"]
[BlackElo "1709"]
[PlyCount "112"]
[EventDate "2011.??.??"]
[WhiteTeam "SG Narva Berlin e.V."]
[BlackTeam "SC Eintracht Berlin e.V."]

1. e4 c6 2. d4 d5 3. e5 Bf5 4. Nf3 e6 5. Nc3 h6 6. Be2 c5 7. dxc5 Bxc5 8. Nd4
Bxd4 9. Qxd4 Nc6 10. Bb5 Nge7 11. Qd1 O-O 12. f4 Rc8 13. a3 Qb6 14. g4 Bh7 15.
Bd3 Bxd3 16. Qxd3 Na5 17. b4 Nc4 18. Na4 Qc6 19. Nc5 b6 20. Nb3 Qc7 21. Nd4 a6
22. c3 b5 23. Nf3 Nb6 24. Bd2 Na4 25. f5 Qc4 26. Qxc4 Rxc4 27. Nd4 Nc6 28. fxe6
Nxd4 29. exf7+ Rxf7 30. cxd4 Rxd4 31. O-O-O Rxg4 32. Rhg1 Rc4+ 33. Kb1 Nc3+ 34.
Bxc3 Rxc3 35. Rxd5 Rxa3 36. e6 Re7 37. Rd8+ Kh7 38. Rd6 Rb3+ 39. Ka2 Rxb4 40.
Re1 a5 41. Re5 a4 42. Rd2 Rc4 43. Ka3 Rc6 44. Rxb5 Rcxe6 45. Kxa4 Re2 46. Rbb2
Ra7+ 47. Kb4 Rb7+ 48. Kc3 Rxb2 49. Rxb2 Rxb2 50. Kxb2 Kg6 51. Kc3 Kf5 52. Kd3
Kg4 53. Ke4 Kh3 54. Kf3 Kxh2 55. Kg4 g5 56. Kf3 h5 0-1

[Event "10. Lichtenberger Sommer"]
[Site "Berlin"]
[Date "2011.08.16"]
[Round "4.95"]
[White "Toth, Hans-Juergen"]
[Black "Bandsom, Olaf"]
[Result "0-1"]
[WhiteElo "1641"]
[BlackElo "1778"]
[PlyCount "74"]
[EventDate "2011.??.??"]
[WhiteTeam "Schachfreunde Zehdenick 76 e.V."]
[BlackTeam "SC Friesen Lichtenberg e.V."]

1. f4 Nf6 2. Nf3 d5 3. e3 g6 4. c4 e6 5. b3 Bg7 6. Bb2 O-O 7. Ne5 Ne4 8. g3 Nd7
9. d4 c5 10. cxd5 Qa5+ 11. Nd2 exd5 12. Qc2 cxd4 13. Bxd4 Nxe5 14. fxe5 Bf5 15.
Qb2 Qxd2+ 16. Qxd2 Nxd2 17. Kxd2 Be4 18. Rg1 Rac8 19. Bg2 Rc2+ 20. Kd1 Rxg2 21.
Rxg2 Bxg2 22. Rc1 Re8 23. Bxa7 Bxe5 24. Kd2 Ra8 25. Bd4 Rxa2+ 26. Rc2 Rxc2+ 27.
Kxc2 Bxd4 28. exd4 Kf8 29. Kd3 Ke7 30. Ke3 g5 31. h4 h6 32. hxg5 hxg5 33. b4 f5
34. Kf2 Be4 35. Kg1 f4 36. Kf2 Kd6 37. g4 Kc6 0-1

[Event "10. Lichtenberger Sommer"]
[Site "Berlin"]
[Date "2011.08.16"]
[Round "4.96"]
[White "Kitzler, Gerhard"]
[Black "Boeck, Ruediger"]
[Result "0-1"]
[WhiteElo "1588"]
[BlackElo "1830"]
[PlyCount "72"]
[EventDate "2011.??.??"]
[WhiteTeam "vereinslos"]
[BlackTeam "SC Weisse Dame Ulm e.V."]

1. e4 e5 2. Nf3 Nc6 3. d4 exd4 4. c3 dxc3 5. Nxc3 Bb4 6. Bc4 h6 7. Qd5 Qe7 8.
O-O Nf6 9. Qd3 Bxc3 10. Qxc3 O-O 11. e5 Ne8 12. Re1 d6 13. exd6 Qxd6 14. Be3 b6
15. Rad1 Qf6 16. Bd4 Nxd4 17. Rxd4 c5 18. Rd3 Qxc3 19. Rxc3 Bb7 20. Ne5 Nd6 21.
Rce3 Nxc4 22. Nxc4 Bd5 23. b3 Be6 24. h3 Rfe8 25. Nb2 Bd7 26. Rxe8+ Rxe8 27.
Re3 Rxe3 28. fxe3 Bf5 29. Kf2 b5 30. a3 a5 31. h4 Bc2 32. b4 cxb4 33. axb4 a4
34. Ke2 a3 35. Kd2 a2 36. Kxc2 a1=Q 0-1

[Event "10. Lichtenberger Sommer"]
[Site "Berlin"]
[Date "2011.08.16"]
[Round "4.97"]
[White "Mildenberger, Hans"]
[Black "Herrmann, Eberhard"]
[Result "0-1"]
[WhiteElo "1633"]
[BlackElo "1876"]
[PlyCount "52"]
[EventDate "2011.??.??"]
[WhiteTeam "SG BVG Helmholtz 55"]
[BlackTeam "SC Friesen Lichtenberg e.V."]

1. d4 d5 2. c4 e6 3. Nf3 Be7 4. e3 Nf6 5. Nc3 a6 6. a4 b6 7. Bd3 Bb7 8. Bd2 Nc6
9. O-O Nb4 10. Be2 O-O 11. cxd5 Nbxd5 12. Re1 Rc8 13. Nxd5 Qxd5 14. Bd3 Ne4 15.
Bxe4 Qxe4 16. Qb1 Qg4 17. h3 Qh5 18. e4 f5 19. d5 fxe4 20. Rxe4 Bxd5 21. Re5
Qf7 22. Rxd5 exd5 23. Be3 c5 24. h4 d4 25. Bg5 Bxg5 26. hxg5 c4 0-1

[Event "10. Lichtenberger Sommer"]
[Site "Berlin"]
[Date "2011.08.16"]
[Round "4.98"]
[White "Münstermann, Claudia"]
[Black "Hänisch, Christoph"]
[Result "1/2-1/2"]
[WhiteElo "1838"]
[BlackElo "1631"]
[PlyCount "41"]
[EventDate "2011.??.??"]
[WhiteTeam "SC Weisse Dame e.V."]
[BlackTeam "SK Zehlendorf e.V."]

1. e4 c6 2. d4 d5 3. Nc3 dxe4 4. Nxe4 Nd7 5. Nf3 Ngf6 6. Ng3 e6 7. Bd3 Bd6 8.
O-O Qc7 9. c4 b6 10. Ne4 Nxe4 11. Bxe4 Nf6 12. Bd3 Bb7 13. h3 O-O 14. Bg5 Be7
15. Re1 h6 16. Bxf6 Bxf6 17. Ne5 c5 18. Qh5 Bxe5 19. dxe5 Qd8 20. Rad1 Qg5 21.
Qxg5 1/2-1/2

[Event "10. Lichtenberger Sommer"]
[Site "Berlin"]
[Date "2011.08.16"]
[Round "4.99"]
[White "Dittrich, Tom"]
[Black "Bolshakov, Konstantin"]
[Result "0-1"]
[WhiteElo "1157"]
[BlackElo "1618"]
[PlyCount "98"]
[EventDate "2011.??.??"]
[WhiteTeam "SG Blau-Weiß Stadtilm"]
[BlackTeam "SG 1871 Löberitz"]

1. Nc3 d5 2. e4 dxe4 3. Nxe4 e5 4. Nf3 Nc6 5. Bc4 Be7 6. O-O Nf6 7. d3 h6 8.
Re1 O-O 9. h3 Re8 10. Nxf6+ Bxf6 11. Bd2 a6 12. a4 Be6 13. Bxe6 Rxe6 14. Bc3
Qe7 15. Re3 Re8 16. Qe2 e4 17. Rxe4 Rxe4 18. Qxe4 Qxe4 19. dxe4 Bxc3 20. bxc3
Rxe4 21. Kf1 Rc4 22. Ra3 Kf8 23. Nd2 Rc5 24. f4 Rf5 25. g3 g5 26. Kg2 gxf4 27.
gxf4 Rxf4 28. Kg3 Rf5 29. c4 Rc5 30. Rc3 Ra5 31. Ra3 b5 32. cxb5 axb5 33. Kf4
Rxa4+ 34. Rxa4 bxa4 35. Nb1 Nd4 36. Na3 c6 37. Ke4 Nb5 38. Nxb5 cxb5 39. Kd4 f5
40. c4 bxc4 41. Kxc4 f4 42. Kd3 a3 43. Ke4 a2 44. Kxf4 a1=Q 45. Kf5 Qf1+ 46.
Kg6 Qxh3 47. Kh7 Qh5 48. Kh8 Qe5+ 49. Kh7 Qg7# 0-1

[Event "10. Lichtenberger Sommer"]
[Site "Berlin"]
[Date "2011.08.16"]
[Round "4.100"]
[White "Knaut, Jonathan"]
[Black "Duric, Rajko"]
[Result "1-0"]
[WhiteElo "1613"]
[BlackElo "1808"]
[PlyCount "95"]
[EventDate "2011.??.??"]
[WhiteTeam "SV Königsjäger Süd-West e.V."]
[BlackTeam "SC Kreuzberg e.V."]

1. e4 d6 2. d4 g6 3. c3 Nf6 4. Bd3 Bg7 5. Nf3 O-O 6. O-O b6 7. Re1 c6 8. c4 Bg4
9. h3 Bxf3 10. Qxf3 Nbd7 11. b3 Ne8 12. Bb2 c5 13. Qe3 cxd4 14. Bxd4 Ne5 15.
Bc2 Nc7 16. f4 Nc6 17. Bxg7 Kxg7 18. Nc3 e6 19. Qg3 e5 20. f5 Nd4 21. Bd3 Kh8
22. Rf1 gxf5 23. exf5 Rg8 24. Qf2 d5 25. f6 e4 26. Nxe4 dxe4 27. Bxe4 Ne2+ 28.
Qxe2 Qd4+ 29. Kh1 Rae8 30. Rae1 Rg6 31. Qd3 Qxd3 32. Bxd3 Rxe1 33. Rxe1 Rxf6
34. Re7 Ne6 35. Rxa7 Nc5 36. Be2 Rf2 37. Bf3 Rf1+ 38. Kh2 Kg7 39. Kg3 Ne6 40.
Ra6 Ra1 41. a4 Rb1 42. Rxb6 Nc5 43. a5 Ra1 44. b4 Na4 45. Rb7 Ra3 46. a6 Nc5
47. bxc5 Rxa6 48. c6 1-0

[Event "10. Lichtenberger Sommer"]
[Site "Berlin"]
[Date "2011.08.16"]
[Round "4.101"]
[White "Lehmann, Tornalf"]
[Black "Lagunow, Elina"]
[Result "1/2-1/2"]
[WhiteElo "1637"]
[BlackElo "1713"]
[PlyCount "55"]
[EventDate "2011.??.??"]
[WhiteTeam "SC Heilsbronn 1951 e.V."]
[BlackTeam "SG Grün-Weiß Baumschulenweg e.V."]

1. e4 c5 2. d4 cxd4 3. c3 Nf6 4. e5 Nd5 5. cxd4 d6 6. Nf3 e6 7. Bc4 Nc6 8. O-O
Be7 9. Nc3 Nxc3 10. bxc3 dxe5 11. dxe5 Qa5 12. Qe2 O-O 13. Bd2 Rd8 14. Rfe1 Qc7
15. Bd3 b6 16. Qe4 g6 17. Bh6 Bb7 18. Qe3 Rd7 19. Bc2 Na5 20. Ng5 Qc4 21. Be4
Rad8 22. Qf3 Bf8 23. Bxf8 Rxf8 24. Qh3 f6 25. exf6 Rxf6 26. Bxb7 Nxb7 27. Rxe6
Rxe6 28. Qxe6+ 1/2-1/2

[Event "10. Lichtenberger Sommer"]
[Site "Berlin"]
[Date "2011.08.16"]
[Round "4.102"]
[White "Hubbe, Bernd"]
[Black "Peter, Volkhard"]
[Result "0-1"]
[WhiteElo "1353"]
[BlackElo "1810"]
[PlyCount "40"]
[EventDate "2011.??.??"]
[WhiteTeam "SC Rotation Pankow e.V."]
[BlackTeam "Schachclub Oranienburg e.V."]

1. d4 d5 2. Nf3 Nf6 3. Nc3 e6 4. e3 c5 5. b3 Nc6 6. Bd2 a6 7. a3 cxd4 8. exd4
Bd6 9. Bd3 O-O 10. O-O e5 11. dxe5 Nxe5 12. Be2 Qc7 13. g3 Bh3 14. Nd4 Bxf1 15.
Bxf1 Qd7 16. Bg5 Ne4 17. Nxe4 dxe4 18. Bg2 f6 19. Bf4 Bc5 20. Be3 Rad8 0-1

[Event "10. Lichtenberger Sommer"]
[Site "Berlin"]
[Date "2011.08.16"]
[Round "4.103"]
[White "Jachym, Christoph"]
[Black "Stiemerling, Karl-Heinz"]
[Result "1-0"]
[WhiteElo "1585"]
[BlackElo "1673"]
[PlyCount "87"]
[EventDate "2011.??.??"]
[WhiteTeam "SC Zugzwang 95 e.V."]
[BlackTeam "vereinslos"]

1. e4 c5 2. c3 Nc6 3. d4 cxd4 4. cxd4 e6 5. Nf3 Bb4+ 6. Bd2 Nge7 7. Bxb4 Nxb4
8. a3 Qa5 9. Nc3 Nbc6 10. b4 Qc7 11. e5 a6 12. Ne4 O-O 13. Rc1 Nf5 14. Bd3 d5
15. Neg5 h6 16. Bxf5 exf5 17. Nh3 Qe7 18. Nf4 Rd8 19. O-O g5 20. Nh5 g4 21.
Nf6+ Kh8 22. Qd2 Qf8 23. Nh4 Qg7 24. g3 Qg5 25. Qd3 Be6 26. f3 gxf3 27. Nxf3
Qg6 28. Nh4 Qg7 29. Nxf5 Bxf5 30. Rxf5 Ne7 31. Rh5 Ng8 32. Nxg8 Kxg8 33. Qe3
Rac8 34. Rxc8 Rxc8 35. Rxh6 Qg4 36. Rf6 Rc2 37. Rf2 Rc4 38. Rf4 Qd1+ 39. Kg2
Rc2+ 40. Kh3 Qh5+ 41. Rh4 Qf5+ 42. Rg4+ Kh7 43. Qf4 Qe6 44. Qg5 1-0

[Event "10. Lichtenberger Sommer"]
[Site "Berlin"]
[Date "2011.08.16"]
[Round "4.104"]
[White "Stiewe, Frank"]
[Black "Petersen, Marcel"]
[Result "1/2-1/2"]
[WhiteElo "1696"]
[BlackElo "1271"]
[PlyCount "93"]
[EventDate "2011.??.??"]
[WhiteTeam "vereinslos"]
[BlackTeam "SG Grün-Weiß Baumschulenweg e.V."]

1. e4 e5 2. Nf3 Nc6 3. Bb5 d6 4. Nc3 Nge7 5. d4 Bd7 6. Bxc6 Nxc6 7. dxe5 dxe5
8. Qd5 Be6 9. Qb5 f6 10. Qxb7 Nb4 11. Qb5+ c6 12. Qe2 Qb6 13. Be3 Qb7 14. O-O
Bg4 15. Rfc1 h5 16. a3 Na6 17. h3 Bxf3 18. Qxf3 Qxb2 19. Ne2 Qb7 20. Qf5 Qf7
21. Rd1 g6 22. Qf3 Rd8 23. Rxd8+ Kxd8 24. Rd1+ Ke8 25. Bc1 Be7 26. Qd3 Nc5 27.
Qe3 Qc4 28. f3 Qxc2 29. Rd2 Qc4 30. Rb2 Kf7 31. Rb4 Qc2 32. Kh2 Rd8 33. Rb2 Qd1
34. Rd2 Rxd2 35. Bxd2 Nb3 36. Bb4 Bxb4 37. axb4 Qc2 38. Qxa7+ Ke6 39. Qa4 Kd6
40. Ng1 Nd4 41. Qa3 Qb3 42. Qa5 Ne6 43. Qb6 Qb2 44. Qb8+ Kd7 45. Qb7+ Kd6 46.
Qb8+ Kd7 47. Qb7+ 1/2-1/2

[Event "10. Lichtenberger Sommer"]
[Site "Berlin"]
[Date "2011.08.16"]
[Round "4.105"]
[White "Kühnert, Hanno"]
[Black "Berg, Gerd"]
[Result "1-0"]
[WhiteElo "1313"]
[BlackElo "1623"]
[PlyCount "53"]
[EventDate "2011.??.??"]
[WhiteTeam "SC Rotation Pankow e.V."]
[BlackTeam "SK König Tegel 1949 e.V."]

1. d4 Nf6 2. c4 e6 3. Nc3 d5 4. Nf3 Bd7 5. e3 dxc4 6. Bxc4 Nc6 7. a3 a6 8. O-O
Na5 9. Bd3 b5 10. b4 Nb7 11. Ne5 g6 12. Qf3 Rb8 13. Ne4 Bg7 14. Nc5 O-O 15. e4
Nd6 16. Qh3 h6 17. Nf3 Nh5 18. g4 Nf6 19. Bxh6 Bxh6 20. Qxh6 Nh7 21. Nxd7 Qxd7
22. e5 Nc4 23. Rfe1 Qd8 24. Re4 Nb6 25. g5 f5 26. gxf6 Qe8 27. Rh4 1-0

[Event "10. Lichtenberger Sommer"]
[Site "Berlin"]
[Date "2011.08.16"]
[Round "4.106"]
[White "Winz, Michael"]
[Black "Heyne, Klaus"]
[Result "1-0"]
[WhiteElo "1684"]
[BlackElo "1477"]
[PlyCount "37"]
[EventDate "2011.??.??"]
[WhiteTeam "SC Friesen Lichtenberg e.V."]
[BlackTeam "SV Berolina Mitte e.V."]

1. d4 d5 2. Nf3 Nf6 3. c4 c6 4. cxd5 Nxd5 5. e4 Nf6 6. Nc3 g6 7. Be2 Bg7 8. O-O
O-O 9. Bg5 h6 10. Bh4 Bg4 11. h3 Bxf3 12. Bxf3 Nbd7 13. e5 Ne8 14. Re1 g5 15.
Bg3 f5 16. Qb3+ Kh8 17. Qxb7 Qc8 18. Qxc6 Qxc6 19. Bxc6 1-0

[Event "10. Lichtenberger Sommer"]
[Site "Berlin"]
[Date "2011.08.16"]
[Round "4.108"]
[White "Güldenpfennig, Gavin"]
[Black "Libera, Kay"]
[Result "0-1"]
[WhiteElo "1203"]
[BlackElo "1400"]
[PlyCount "68"]
[EventDate "2011.??.??"]
[WhiteTeam "BSC Rehberge 1945 e.V."]
[BlackTeam "vereinslos"]

1. e4 e6 2. Nc3 Nc6 3. Nf3 d5 4. exd5 exd5 5. d4 Nf6 6. Bg5 Be6 7. Be2 h6 8.
Bh4 Be7 9. O-O a6 10. a3 Qd7 11. Ne5 Nxe5 12. dxe5 Ne4 13. Bxe7 Nxc3 14. bxc3
Qxe7 15. Bf3 c6 16. Qd4 c5 17. Qd2 Rd8 18. Rfd1 Qg5 19. Qxg5 hxg5 20. h3 f5 21.
exf6 gxf6 22. Re1 Kf7 23. a4 Rh4 24. Rab1 Rb8 25. Be2 c4 26. Rb4 b5 27. axb5
axb5 28. Bf3 f5 29. Reb1 g4 30. hxg4 fxg4 31. Be2 Bd7 32. f3 g3 33. Bd1 Rbh8
34. Kf1 Re8 0-1

[Event "10. Lichtenberger Sommer"]
[Site "Berlin"]
[Date "2011.08.16"]
[Round "4.109"]
[White "Stiefel, Marika"]
[Black "Sandbrand, Alexandru"]
[Result "1-0"]
[WhiteElo "1772"]
[BlackElo "1360"]
[PlyCount "85"]
[EventDate "2011.??.??"]
[WhiteTeam "SSV Vimaria 91 Weimar"]
[BlackTeam "SK Tempelhof 1931 e.V."]

1. f4 d5 2. Nf3 Nf6 3. b3 g6 4. Bb2 Bg7 5. e3 c5 6. Bb5+ Nc6 7. Ne5 Qb6 8.
Bxc6+ bxc6 9. d3 O-O 10. Qe2 Nd7 11. Nxd7 Bxd7 12. Bxg7 Kxg7 13. Nd2 Qc7 14.
O-O e5 15. c4 a5 16. Qf2 Bf5 17. e4 dxe4 18. dxe4 Be6 19. f5 Bc8 20. f6+ Kh8
21. Qxc5 Be6 22. Nf3 a4 23. Qxe5 Qb7 24. Ng5 Qb8 25. Qxb8 Raxb8 26. Nxe6 fxe6
27. e5 axb3 28. axb3 h5 29. Rf3 Kh7 30. Ra7+ Kh6 31. Rd7 Rbd8 32. Ra7 g5 33. g4
h4 34. Re7 Kg6 35. Rxe6 Rd1+ 36. Kg2 Kf7 37. Rxc6 Kg6 38. f7+ Kg7 39. e6 Re1
40. Kf2 Re4 41. Rc5 Rf4 42. Rxg5+ Kf6 43. Rg8 1-0

[Event "10. Lichtenberger Sommer"]
[Site "Berlin"]
[Date "2011.08.16"]
[Round "4.110"]
[White "Pallas, Sebastian"]
[Black "Lippianowski, Stefan"]
[Result "1-0"]
[WhiteElo "1803"]
[BlackElo "1261"]
[PlyCount "57"]
[EventDate "2011.??.??"]
[WhiteTeam "SG 1871 Löberitz"]
[BlackTeam "Treptower SV 1949 e.V."]

1. e4 e5 2. Nf3 Nc6 3. d4 d5 4. Nxe5 Nxe5 5. dxe5 d4 6. Bc4 Bb4+ 7. Bd2 Bxd2+
8. Nxd2 Qe7 9. O-O Qxe5 10. Nf3 Qc5 11. Qxd4 Qxd4 12. Nxd4 Bd7 13. Rad1 O-O-O
14. Bxf7 Nh6 15. Be6 Rhe8 16. Bxd7+ Rxd7 17. f3 Nf7 18. Nf5 Ne5 19. Rxd7 Nxd7
20. Nxg7 Rd8 21. Rd1 Rg8 22. Nf5 Re8 23. Kf2 Ne5 24. b3 Nc6 25. c3 b5 26. Nd4
Rd8 27. Ke2 Ne5 28. Nxb5 a6 29. Na7+ 1-0

[Event "10. Lichtenberger Sommer"]
[Site "Berlin"]
[Date "2011.08.16"]
[Round "4.111"]
[White "Schröder, Gert"]
[Black "Wolfram, Mike"]
[Result "1/2-1/2"]
[WhiteElo "1386"]
[BlackElo "1640"]
[PlyCount "87"]
[EventDate "2011.??.??"]
[WhiteTeam "SV Königsjäger Süd-West e.V."]
[BlackTeam "BSG 1827 Eckbauer e.V."]

1. d4 Nf6 2. c4 e6 3. Nc3 Bb4 4. e3 c5 5. a3 Bxc3+ 6. bxc3 cxd4 7. cxd4 d5 8.
Nf3 dxc4 9. Bxc4 O-O 10. O-O b6 11. Bb2 Ba6 12. Bd3 Bxd3 13. Qxd3 Nc6 14. Rac1
Qd5 15. Qc4 Qxc4 16. Rxc4 Na5 17. Rc7 Nd5 18. Rc2 f6 19. g3 Rac8 20. Rxc8 Rxc8
21. Rc1 Rxc1+ 22. Bxc1 Nc4 23. Nd2 b5 24. Nxc4 bxc4 25. Kf1 Nc3 26. Ke1 Ne4 27.
Ke2 f5 28. f3 Nf6 29. Bb2 Nd5 30. Kd2 Nb6 31. Bc3 Kf7 32. Kc2 Ke7 33. Bb4+ Kd7
34. Bd2 Kc6 35. e4 fxe4 36. fxe4 g6 37. Kc3 Kb5 38. Bc1 Na4+ 39. Kc2 Kc6 40.
Bf4 Kb5 41. Bd6 a6 42. Be7 Nb6 43. Bd6 Nd7 44. Be7 1/2-1/2

[Event "10. Lichtenberger Sommer"]
[Site "Berlin"]
[Date "2011.08.17"]
[Round "5.1"]
[White "Bruchmann, Stephan"]
[Black "Franco Alonso, Alejandro"]
[Result "0-1"]
[WhiteElo "2304"]
[BlackElo "2452"]
[PlyCount "84"]
[EventDate "2011.??.??"]
[WhiteTeam "SC Rotation Pankow e.V."]
[BlackTeam "Gros Xake Taldea"]

1. e4 c5 2. Nc3 e6 3. Nf3 Nc6 4. Bb5 Nd4 5. O-O a6 6. Bd3 Nc6 7. Be2 Nf6 8. d4
cxd4 9. Nxd4 d6 10. Be3 Be7 11. f4 O-O 12. Nb3 b5 13. a3 Bb7 14. Bf3 Qc7 15.
Qd2 Rfe8 16. Qf2 Rac8 17. g4 Bf8 18. g5 Nd7 19. Kh1 g6 20. Rad1 Ba8 21. Rg1 b4
22. axb4 Nxb4 23. Rd2 Rb8 24. Ra1 Nb6 25. Na5 Rec8 26. Kg1 e5 27. Na4 Nxa4 28.
Rxa4 exf4 29. Bxf4 Nc6 30. Nxc6 Bxc6 31. Ra2 Re8 32. Qd4 Qb7 33. Re2 Re6 34.
Ra3 Rbe8 35. Rb3 Qa8 36. Rbe3 Bg7 37. Qd3 Bxb2 38. Re1 a5 39. Bxd6 Qd8 40. Bf4
Bd4 41. Kg2 Bxe3 42. Rxe3 Qa8 0-1